LEADER 00921nam0 2200253 450 001 000023304 005 20081124122750.0 100 $a20081124d1962----km-y0itaa50------ba 101 0 $aeng 102 $aUS 200 1 $a<> Thomas Wolfe reader$fThomas Wolfe$gEdited, with an introduction and notes, by C. Hugh Holman 210 $aNew York$cScribner$dc1962 215 $a690 p.$d22 cm. 676 $a813.54$v(21 ed.)$9Narrativa americana in lingua inglese. 1945-1999 700 1$aWolfe,$bThomas$0199933 702 1$aHolman,$bC. Hugh 801 0$aIT$bUniversità della Basilicata - B.I.A.$gRICA$2unimarc 912 $a000023304 996 $aThomas Wolfe reader$991311 997 $aUNIBAS BAS $aLETTERE CAT $aSTD071$b01$c20081124$lBAS01$h1227 FMT Z30 -1$lBAS01$LBAS01$mBOOK$1BASA1$APolo Storico-Umanistico$2FAA$BFondo anglo-americano$3FM/5100$65100$5L5100$820081124$f04$FPrestabile Didattica LEADER 01220nam a22002651i 4500 001 991002669999707536 005 20030728093430.0 008 030925s1974 it a||||||||||||||||ita 035 $ab12322118-39ule_inst 035 $aARCHE-036965$9ExL 040 $aBiblioteca Interfacoltà$bita$cA.t.i. Arché s.c.r.l. Pandora Sicilia s.r.l. 082 04$a230 110 2 $aBiblioteca nazionale $0157935 245 10$aTommaso d'Aquino nei fondi della Biblioteca nazionale di Napoli :$bmostra bibliografica, 6 novembre 1974 260 $aNapoli :$bIndustria tipografica artistica,$cstampa 1974 300 $a31 p. :$b[5] c. di tav. : ill. ;$c24 cm 440 2$aI quaderni della Biblioteca nazionale di Napoli.$nSerie 4 ;$v1 600 04$aTommaso :$cd'Aquino $xEsposizioni bibliografiche$y1974 650 4$aNapoli$xBiblioteca nazionale$xCataloghi 907 $a.b12322118$b02-04-14$c08-10-03 912 $a991002669999707536 945 $aLE002 Ann. 608 S. IV/001$g1$i2002000137470$lle002$o-$pE0.00$q-$rl$s- $t0$u0$v0$w0$x0$y.i12720793$z08-10-03 996 $aTommaso d'Aquino nei fondi della Biblioteca nazionale di Napoli$91750511 997 $aUNISALENTO 998 $ale002$b08-10-03$cm$da $e-$fita$git $h0$i1